Richest Cities in the US - Statistics

General Stats
  • This quiz has been taken 226 times
  • The average score is 6 of 20
Answer Stats
State Income Population Answer % Correct
WA 30,306 563,374 Seattle, WA
70%
CA 34,556 776,733 San Francisco, CA
67%
28,659 572,059 Washington DC
50%
VA 37,706 189,453 Arlington, VA
41%
AZ 39,158 202,705 Scottsdale, AZ
41%
VA 37,645 128,283 Alexandria, VA
36%
IL 44,235 141,644 Naperville, IL
31%
WA 36,905 109,569 Bellevue, WA
29%
KS 32,069 149,080 Overland Park, KS
27%
TX 36,514 222,030 Plano, TX
27%
CT 34,987 117,083 Stamford, CT
26%
MA 31,156 101,355 Cambridge, MA
23%
CA 32,196 212,793 Irvine, CA
23%
CA 28,186 133,936 Pasadena, CA
17%
CA 31,755 102,361 Santa Clara, CA
17%
CA 30,477 102,743 Berkeley, CA
13%
CA 31,411 203,413 Fremont, CA
13%
CA 36,524 131,760 Sunnyvale, CA
10%
CA 31,964 189,594 Huntington Beach, CA
9%
CA 34,314 117,005 Thousand Oaks, CA
5%
No matching quizzes found
Score Distribution
Percent of People with Each Score
Percentile by Number Answered
Your Score History
You have not taken this quiz